000 00621nam a2200229Ia 4500
003 BUBTL
008 151213s9999 xx 000 0 und d
020 _a0-07-288002-3
082 _a658.45
_bLEB
100 _aLasikar Flatly
245 _aBasic Business Communication
_cLasikar Flatly
250 _a10th
260 _aNew York
_bMc Grow Hill
_c2005
300 _a[xxx] , 606p . :
_bill , Graph ; 24cm .
_cBusiness .
500 _aIncludes Index .
650 _aBusiness
650 _aBusiness
700 _aLasikar Flatly
856 _k0
_l0
_yDownload
942 _2ddc
_cBK
999 _c2684
_d2684